| 000 | 00000nam##2200000za#4500 |
| 001 | 9.537230 |
| 003 | CaOODSP |
| 005 | 20220901140001 |
| 007 | ta |
| 008 | 150406|2002||||xxc||||| f|0| 0 eng|d |
| 040 | |aCaOODSP|beng |
| 041 | |aeng |
| 041 | |afre |
| 043 | |an-cn--- |
| 086 | 1 |aJ23-10/1-2001 |
| 110 | 1 |aCanada.|bJustice Canada. |
| 245 | 14|aThe effectiveness of restorative justice practices : |ba meta-analysis / |cby Jeff Latimer, Craig Dowden and Danielle Muise. |
| 260 | |aOttawa - Ontario : |bJustice Canada |c2001. |
| 300 | |aEnglish text, iv, 28p. : |bfigs. ; |c24 cm. |
| 490 | 1 |aMethodological series |
| 500 | |a"In this current report, the authors have tackled a rather difficult question -- Is restorative justice an effective response to criminal behaviour? -- using one of the most comprehensive quantitative research methods."--Page ii. |
| 504 | |aBibliography. |
| 563 | |aSoftcover |
| 590 | |a02-26|b2002-06-28 |
| 720 | 1 |aLatimer, Jeff |
| 720 | 1 |aDowden, Craig |
| 720 | 1 |aMuise, Danielle |
| 776 | 0#|tThe effectiveness of restorative justice practices |w(CaOODSP)9.568927 |
| 776 | 0#|tL'efficacité des pratiques de la justice réparatrice |w(CaOODSP)9.605725 |
| 792 | |tL'efficacité des pratiques de la justice réparatrice : |efre|w(CaOODSP)9.537231 |
| 830 | #0|aResearch and Statistics Division methodological series.|w(CaOODSP)9.510766 |